Normal view
MARC view
- الصبان، محمد سمير / م.مشارك السيد عبد المقصود بيان
Entry Personal Name
001 - CONTROL NUMBER
- control field: 38809
003 - CONTROL NUMBER IDENTIFIER
- control field: JO-AjAnu
005 - DATE AND TIME OF LATEST TRANSACTION
- control field: 20230606080447.0
008 - FIXED-LENGTH DATA ELEMENTS
- fixed length control field: 230606|| aca||aabn | a|a d
040 ## - CATALOGING SOURCE
- Original cataloging agency: JO-AjAnu
- Transcribing agency: JO-AjAnu
100 ## - HEADING--PERSONAL NAME
- Personal name: الصبان، محمد سمير / م.مشارك السيد عبد المقصود بيان
670 ## - SOURCE DATA FOUND
- Source citation: Work cat.: (JO-AjAnu)19904: الصبان، محمد سمير / م.مشارك السيد عبد المقصود بيان, author, دراسات في محاسبة المنشآت المالية : بنوك تجارية - شركات التأمين - بنوك عقارية